To The Lighthouse / (Record no. 7457)
[ view plain ]
| 000 -LEADER | |
|---|---|
| fixed length control field | 00485nam a22001937a 4500 |
| 003 - CONTROL NUMBER IDENTIFIER | |
| control field | OSt |
| 005 - DATE AND TIME OF LATEST TRANSACTION | |
| control field | 20140310181933.0 |
| 008 - FIXED-LENGTH DATA ELEMENTS--GENERAL INFORMATION | |
| fixed length control field | 130723t xxu||||| |||| 00| 0 eng d |
| 050 ## - LIBRARY OF CONGRESS CALL NUMBER | |
| Classification number | PR 6045 |
| Item number | .W913 1996 |
| 082 ## - DEWEY DECIMAL CLASSIFICATION NUMBER | |
| Classification number | CLA |
| Item number | W88t 1996 |
| 100 ## - MAIN ENTRY--PERSONAL NAME | |
| Personal name | Virginia Woolf |
| 9 (RLIN) | 3014 |
| 245 ## - TITLE STATEMENT | |
| Title | To The Lighthouse / |
| Statement of responsibility, etc | Virginia Woolf |
| 260 ## - PUBLICATION, DISTRIBUTION, ETC. (IMPRINT) | |
| Place of publication, distribution, etc | London |
| Name of publisher, distributor, etc | Penguin Books, |
| Date of publication, distribution, etc | c1996. |
| 300 ## - PHYSICAL DESCRIPTION | |
| Extent | 306 p. |
| Dimensions | 17 cm. |
| 541 ## - IMMEDIATE SOURCE OF ACQUISITION NOTE | |
| -- | 1 |
| 541 ## - IMMEDIATE SOURCE OF ACQUISITION NOTE | |
| -- | 1 |
| 562 ## - COPY AND VERSION IDENTIFICATION NOTE | |
| Number of copies | 2 |
| 942 ## - ADDED ENTRY ELEMENTS (KOHA) | |
| Source of classification or shelving scheme | Library of Congress Classification |
| Koha item type | |
| Call number prefix | |
| Withdrawn status | Lost status | Source of classification or shelving scheme | Damaged status | Home library | Current library | Shelving location | Date acquired | Total Checkouts | Full call number | Barcode | Date last seen | Copy number | Price effective from | Koha item type | Total Renewals | Date checked out |
|---|---|---|---|---|---|---|---|---|---|---|---|---|---|---|---|---|
| Library of Congress Classification | Luxembourg Library | Luxembourg Library | Classic Section | 07/23/2013 | PR 6045.O72 .W913 1996 | 0126 | 08/13/2013 | 1 | 10/03/2013 | Books | ||||||
| Library of Congress Classification | Luxembourg Library | Luxembourg Library | Classic Section | 07/23/2013 | 3 | PR 6045.O72 .W913 1996 | 0306 | 12/11/2019 | 1 | 10/03/2013 | Books | 6 | 09/16/2019 |